Score 0/25 Timer 04:00
0 Plays Today
Number of Tourists Country % Correct
135,949UK
97.5%
343,357China
96.6%
179,763USA
96.6%
99,581France
95.4%
375,285Germany
94.8%
118,729Italy
93.9%
70,291Spain
93.3%
44,667Japan
93.3%
36,260Canada
92%
120,306Finland
91.7%
23,862Sweden
91.7%
30,088Poland
91.1%
100,918Turkey
89.9%
Number of Tourists Country % Correct
20,617Norway
89%
48,425South Korea
84.4%
32,533Netherlands
82.2%
28,076Austria
80.1%
26,600India
80.1%
27,436Estonia
78.5%
18,600Belgium
78.5%
16,700Denmark
78.5%
32,125Latvia
77.9%
28,845Switzerland
77%
21,436Lithuania
77%
85,955Israel
63.8%
Remove Ads.
Support Sporcle.
Get the best of Sporcle when you Go Orange. This ad-free experience offers more features, more stats, and more fun while also helping to support Sporcle. Thank you for becoming a member.

You're not logged in!

Compare scores with friends on all Sporcle quizzes.
OR
Log In

Show Comments

Extras

Top Quizzes Today


Score Distribution

Your Account Isn't Verified!

In order to create a playlist on Sporcle, you need to verify the email address you used during registration. Go to your Sporcle Settings to finish the process.

Report this User

Report this user for behavior that violates our Community Guidelines.

Details: